000 00273nam a2200109Ia 4500
008 190216s9999||||xx |||||||||||||| ||und||
100 _aMilton E Reezor
245 0 _aEngineering Vidyarthikalk Oru Vazhi Katy
260 _bBhasha Institute
650 _aPhysics
942 _cBK
999 _c38456
_d38456